Cohesión social : (Registro nro. 4964)
[ vista simple ]
| 000 -LEADER | |
|---|---|
| fixed length control field | 01111nam a2200241Ia 4500 |
| 003 - CONTROL NUMBER IDENTIFIER | |
| control field | OSt |
| 005 - DATE AND TIME OF LATEST TRANSACTION | |
| control field | 20200414151925.0 |
| 008 - FIXED-LENGTH DATA ELEMENTS--GENERAL INFORMATION | |
| fixed length control field | 191128s2007 cl ad gr 000 0dspa d |
| 040 ## - CATALOGING SOURCE | |
| Original cataloging agency | CO-JMCR |
| Transcribing agency | CO-JMCR |
| 041 0# - LANGUAGE CODE | |
| Language code of text/sound track or separate title | spa |
| 082 04 - DEWEY DECIMAL CLASSIFICATION NUMBER | |
| Classification number | 302.4 / |
| Item number | C63 |
| 110 2# - MAIN ENTRY--CORPORATE NAME | |
| Corporate name or jurisdiction name as entry element | Comisión Económica para América Latina y el Caribe CEPAL |
| 9 (RLIN) | 2893 |
| 245 20 - TITLE STATEMENT | |
| Title | Cohesión social : |
| Remainder of title | inclusión y sentido en américa latina y el caribe : Síntesis / |
| Statement of responsibility, etc. | Comisión Económica para América Latina y el Caribe |
| 260 ## - PUBLICATION, DISTRIBUTION, ETC. | |
| Place of publication, distribution, etc. | Santiago de Chile : |
| Name of publisher, distributor, etc. | Naciones Unidas, |
| Date of publication, distribution, etc. | 2007 |
| 300 ## - PHYSICAL DESCRIPTION | |
| Extent | V, 77 páginas : |
| Other physical details | gráficas a color ; |
| Dimensions | 22 cm. |
| 300 ## - PHYSICAL DESCRIPTION | |
| Dimensions | 22 cm. |
| 500 ## - GENERAL NOTE | |
| General note | Bibliografía: páginas 73 - 77. |
| 505 ## - FORMATTED CONTENTS NOTE | |
| Formatted contents note | Los alcances de la cohesión social -- La medición y evaluación de la cohesión social una aproximación inicial -- Desigualdad pobreza vulnerabilidad y cohesión social -- Algunos factores subjetivos de la cohesión social un enfoque basado en los sondeos de |
| 650 14 - SUBJECT ADDED ENTRY--TOPICAL TERM | |
| Topical term or geographic name entry element | Integración social |
| 9 (RLIN) | 3023 |
| 650 24 - SUBJECT ADDED ENTRY--TOPICAL TERM | |
| Topical term or geographic name entry element | Gastos públicos sociales |
| 9 (RLIN) | 3024 |
| 650 24 - SUBJECT ADDED ENTRY--TOPICAL TERM | |
| Topical term or geographic name entry element | Participación social |
| 9 (RLIN) | 3025 |
| 942 ## - ADDED ENTRY ELEMENTS (KOHA) | |
| Source of classification or shelving scheme | Dewey Decimal Classification |
| Koha item type | Books |
| Withdrawn status | Lost status | Materials specified (bound volume or other part) | Damaged status | Not for loan | Collection code | Home library | Current library | Date acquired | Total Checkouts | Full call number | Barcode | Date last seen | Copy number | Price effective from | Koha item type |
|---|---|---|---|---|---|---|---|---|---|---|---|---|---|---|---|
| Donación--15/04/2018-- | Biblioteca Pública José María del Castillo y Rada | Biblioteca Pública José María del Castillo y Rada | 11/28/2019 | 302 .4 C63 | 430001075 | 05/16/2024 | Ej.2 | 11/28/2019 | Books |